La hacienda ganadera colonial en el corregimiento de Nicoya; siglo XVIII /
Analiza los principales rasgos estructurales de la hacienda ganadera colonial en el crecimiento de Nicoya, Costa Rica, durante el siglo XVIII - Examina los procesos que dieron origen a las primeras actividades agropecuarias en la Península de Nicoya y los que sentaron las bases económicas y sociales...
Salvato in:
| Autore principale: | |
|---|---|
| Natura: | Tesi |
| Pubblicazione: |
San José:
Universidad de Costa Rica
|
| Tags: |
Aggiungi Tag
Nessun Tag, puoi essere il primo ad aggiungerne!!
|
MARC
| LEADER | 00000 a a2200000 04500 | ||
|---|---|---|---|
| 001 | 20563 | ||
| 003 | |||
| 040 | |a CRAI/IIS |c CRAI/IIS | ||
| 090 | |a 08658.00 | ||
| 100 | |a Matarrita Ruiz, Mario | ||
| 245 | |a La hacienda ganadera colonial en el corregimiento de Nicoya; siglo XVIII / |c Mario Matarrita Ruiz | ||
| 260 | |a San José: |b Universidad de Costa Rica | ||
| 300 | |a 181 páginas | ||
| 502 | |a Tesis (Licenciado en Historia) -- Universidad de Costa Rica. Facultad de Ciencias Sociales. Escuela de Historia y Geogafía, 1980 | ||
| 520 | |a Analiza los principales rasgos estructurales de la hacienda ganadera colonial en el crecimiento de Nicoya, Costa Rica, durante el siglo XVIII - Examina los procesos que dieron origen a las primeras actividades agropecuarias en la Península de Nicoya y los que sentaron las bases económicas y sociales en el corregimiento durante los siglos XVI y XVIII. Determina los factores que produjeron el desplazamiento de las actividades productivas de la región peninsular hacia el valle del Tempisque. Relaciona el desarrollo ganadero con las condiciones del medio geográfico. Explica los factores estructurales de la confirmación y consolidación de la hacienda ganadera, con apoyo en las situaciones coyunturales | ||
| 999 | |c 18088 |d 18088 | ||
